Countries or Capitals Beginning or Ending in U - Statistics

General Stats
  • This quiz has been taken 376 times
    372 since last reset
  • The average score is 18 of 25
Answer Stats
Answer % Correct
United Kingdom
90%
United States
89%
Tuvalu
87%
Uruguay
87%
United Arab Emirates
86%
Ulaanbaatar
84%
Nauru
82%
Palau
82%
Uganda
82%
Uzbekistan
82%
Vanuatu
81%
Ukraine
80%
Baku
68%
Ouagadougou
64%
Bissau
63%
Mogadishu
63%
Peru
63%
Maseru
60%
Guinea-Bissau
59%
Kathmandu
57%
Nassau
57%
Roseau
56%
Chisinau
55%
Thimphu
52%
Cotonou
36%
No matching quizzes found
Score Distribution
Percent of People with Each Score
Percentile by Number Answered
Your Score History
You have not taken this quiz since the last reset